NPB 日本プロ野球 2025年開幕戦のスタメン - Statistics

General Stats
  • This quiz has been taken 1,301 times
  • The average score is 73 of 114
Answer Stats
打順 守備位置 選手名 % Correct
6番 坂本勇人
92%
7番 坂本誠志郎
92%
4番 岡本和真
91%
3番 佐藤輝明
89%
8番 森敬斗
88%
5番 佐藤都志也
88%
7番 甲斐拓也
87%
1番 近本光司
87%
2番 中野拓夢
87%
4番 森下翔太
87%
5番 大山悠輔
87%
9番 村上頌樹
86%
2番 牧秀悟
86%
8番 森下暢仁
86%
3番 吉川尚輝
85%
9番 戸郷翔征
84%
1番 周東佑京
84%
4番 山川穂高
84%
3番 柳田悠岐
82%
2番 近藤健介
81%
8番 木浪聖也
80%
8番 中村悠平
80%
7番 山本祐大
79%
4番 オースティン
78%
2番 山本泰寛
78%
6番 今宮健太
78%
5番 宮﨑敏郎
76%
3番 レイエス
76%
8番 門脇誠
75%
9番 東克樹
75%
5番 オスナ
75%
2番 キャベッジ
74%
7番 菊池涼介
74%
有原航平
74%
6番 万波中正
74%
6番 前川右京
73%
2番 矢野雅哉
73%
4番 サンタナ
73%
1番 岡林勇希
73%
2番 清宮幸太郎
73%
3番 長岡秀樹
72%
9番 髙橋宏斗
72%
1番 西川遥輝
71%
5番 細川成也
71%
1番 西川史礁
71%
2番 宗佑磨
71%
5番 西川龍馬
71%
2番 西川愛也
71%
4番 野村佑希
68%
6番 ソト
68%
3番 小園海斗
67%
5番 田宮裕涼
67%
7番 伊藤裕季也
66%
3番 筒香嘉智
65%
4番 ポランコ
65%
4番 辰己涼介
65%
7番 源田壮亮
65%
4番 石川昂弥
64%
8番 太田光
64%
6番 太田椋
64%
5番 秋山翔吾
62%
6番 ファビアン
62%
5番 浅村栄斗
62%
今井達也
62%
2番 宗山塁
61%
4番 杉本裕太郎
61%
9番 若月健矢
61%
9番 會澤翼
60%
宮城大弥
60%
1番 梶原昂希
59%
4番 モンテロ
59%
3番 紅林弘太郎
59%
6番 中田翔
58%
8番 木下拓哉
58%
8番 水野達稀
58%
1番 若林楽人
57%
5番 ヘルナンデス
57%
9番 五十幡亮汰
57%
1番 小深田大翔
57%
6番 外崎修汰
57%
3番 藤原恭大
55%
小島和哉
55%
9番 谷川原健太
54%
7番 上川畑大悟
53%
9番 小川龍成
53%
8番 古賀悠斗
53%
早川隆久
52%
8番 頓宮裕真
52%
9番 奥川恭伸
51%
3番 小郷裕哉
51%
6番 村林一輝
51%
2番 藤岡裕大
50%
3番 ネビン
50%
6番 蝦名達夫
48%
7番 村松開人
48%
8番 リチャード
47%
9番 田中和基
47%
5番 正木智也
45%
1番 中川圭太
45%
7番 茂木栄五郎
43%
5番 渡部聖弥
42%
7番 髙部瑛斗
41%
4番 セデーニョ
41%
2番 岩田幸宏
40%
3番 カリステ
39%
7番 ダウンズ
39%
1番 長谷川信哉
39%
金村尚真
37%
1番 矢澤宏太
36%
1番 二俣翔一
30%
6番 赤羽由紘
30%
8番 上田希由翔
26%
7番 オリバレス
20%
9番 元山飛優
15%
No matching quizzes found
Score Distribution
Percent of People with Each Score
Percentile by Number Answered
Your Score History
You have not taken this quiz